| Поле | Название | Значение |
| |
Тип записи |
a |
| |
Библиографический уровень |
a |
| 001 |
Контрольный номер |
RU/CBS_UL/BASE/579026350 |
| 005 |
Дата корректировки |
20250122233009.4 |
| 100 |
Данные общей обработки |
__ |
| a |
Данные общей обработки |
20180507d2018 ||| 0rusy0189 ca |
| 101 |
Язык документа |
0_ |
| a |
Язык текста |
rus |
| 102 |
Страна публикации |
__ |
| a |
Страна публикации |
RU |
| 105 |
Кодированные данные (монография) |
__ |
| a |
Кодированные данные (монография) |
y###||||000|y |
| 200 |
Заглавие и сведения об ответственности |
1_ |
| a |
Заглавие |
ГМО, трансжиры, метанол: что мы едим? |
| b |
Общее обозначение материала |
Текст |
| e |
Сведения, относящиеся к заглавию |
[о качестве и безопасности пищевых продуктов] |
| g |
Последующие сведения об ответственности |
подгот. Ю. Шигарева, Е. Барова, А. Мельников [и др.] |
| 300 |
Общие примечания |
__ |
| a |
Общие примечания |
Содерж.: Русская алкогольная рулетка; Как избежать обмана на мясном рынке?; Почему у нас молчат о ГМО в продуктах?; Чем броеет хлеб?; Есть ли мясо или рыба в консервах? |
| 300 |
Общие примечания |
__ |
| a |
Общие примечания |
Ограничения по возрасту - 16+ |
| 461 |
Уровень набора |
_0 |
| 1 |
|
2000 |
| a |
|
Аргументы и факты |
| 463 |
Уровень физической единицы |
_0 |
| 1 |
|
001RU/CBS_UL/BASE/579024087 |
| 1 |
|
2000 |
| a |
|
№ 18 (2-8 мая) |
| v |
|
С. 6-7 : фото |
| 1 |
|
210 |
| d |
|
2018 |
| 606 |
Тематические рубрики |
0_ |
| a |
Основная рубрика |
Пищевые продукты - Качество |
| 610 |
Ключевые слова |
0_ |
| a |
Ключевые слова |
продукты пищевые |
| a |
Ключевые слова |
продукты питания |
| a |
Ключевые слова |
качество продуктов |
| a |
Ключевые слова |
качество пищевых продуктов |
| a |
Ключевые слова |
некачественные продукты |
| a |
Ключевые слова |
безопасность пищевых продуктов |
| a |
Ключевые слова |
ГМО |
| a |
Ключевые слова |
ГМ-продукты |
| a |
Ключевые слова |
генномодифицированные продукты |
| a |
Ключевые слова |
трансжиры |
| 686 |
Индексы других классификаций |
__ |
| a |
Классификационный индекс |
36-1 |
| 2 |
Код системы |
ББК |
| 801 |
Источник записи |
_0 |
| a |
Страна |
RU |
| b |
Организация |
МБУК ЦБС г. Ульяновска |
| c |
Дата составления |
20180507 |
| g |
Правила каталогизации |
RCR |
| 801 |
Источник записи |
_1 |
| a |
Страна |
RU |
| b |
Организация |
МБУК ЦБС г. Ульяновска |
| c |
Дата составления |
20180507 |
| g |
Правила каталогизации |
RCR |
| 901 |
Тип документа |
__ |
| t |
Тип документа |
f |
| w |
Контрольный № источника |
RU/CBS_UL/BASE/579024087 |
| 910 |
Корректоры записи |
__ |
| a |
Корректор записи |
Библиотека 1 |
| 938 |
Служебная информация |
__ |
| a |
Имя БД |
period |